| 000 | 00977nam a22002417a 4500 | ||
|---|---|---|---|
| 999 |
_c64687 _d64687 |
||
| 005 | 20240530110744.0 | ||
| 008 | 181125s2017 ua bk g b 000 0 ara d | ||
| 017 | _bمصر. دار الكتب | ||
| 040 |
_aEG-CaGPL _cEG-CaGPL |
||
| 082 | 0 | 4 |
_221 _a526.6 / _bع ج |
| 100 | 0 | _aعلى زكى سليمان | |
| 245 | 1 | 0 |
_aجيوديسيا الاقمار الصناعية / _cعلى زكى سليمان |
| 260 |
_aالاسكندرية : _bدار المعرفة الجامعية ، _c2017. |
||
| 300 |
_a258 ص. : _bايض ؛ _c24 سم. |
||
| 504 | _aيشتمل على ارجاعات ببليوجرافية | ||
| 650 | 0 | 7 |
_2qrmak _aالاقمار الصناعية |
| 650 | 0 | 7 |
_2qrmak _aالاقمار الصناعية _xمواصفات الامان |
| 650 | 0 | 7 |
_2qrmak _aالاقمار الصناعية _zنظم التحكم |
| 650 | 0 | 7 |
_2qrmak _aالاقمار الصناعية _zدوران |
| 651 | _2qrmak | ||
| 942 |
_2ddc _cBK |
||